[Event "London Classic FIDE Open"]
[Site "London ENG"]
[Date "2011.12.10"]
[Round "8"]
[White "Calvert, D Ian"]
[Black "Whitehead, David J"]
[Result "1/2-1/2"]
[WhiteElo "1947"]
[BlackElo "2079"]
[WhiteFideId "406368"]
[BlackFideId "406813"]
[EventDate "2011.12.03"]

1. b3 f5 2. Bb2 Nf6 3. Bxf6 exf6 4. c4 d5 5. cxd5 Qxd5 6. Nc3 Qa5 7. a3 c6 8. e3
Be6 9. Nge2 g6 10. b4 Qd8 11. Nf4 Bf7 12. d4 Bd6 13. g3 O-O 14. Bg2 Bxf4 15.
gxf4 Bc4 16. Bf1 Bxf1 17. Kxf1 Qe7 18. Kg2 Na6 19. Qf3 Nc7 20. Rhd1 1/2-1/2

[Event "London Classic FIDE Open"]
[Site "London ENG"]
[Date "2011.12.10"]
[Round "8"]
[White "Jones, Steven A"]
[Black "Bass, John W"]
[Result "1-0"]
[WhiteElo "1878"]
[BlackElo "2071"]
[WhiteFideId "419630"]
[BlackFideId "407925"]
[EventDate "2011.12.03"]

1. Nf3 Nf6 2. c4 e6 3. b3 d5 4. g3 Be7 5. Bg2 O-O 6. O-O c5 7. e3 Nc6 8. Bb2 Qc7
9. Na3 a6 10. d4 Rd8 11. Qc2 Nb4 12. Qe2 Bd7 13. cxd5 Nfxd5 14. Rfc1 b6 15. Nc4
Rac8 16. dxc5 bxc5 17. Nfe5 Be8 18. e4 Nb6 19. Qg4 Nxc4 20. Nxc4 Bf8 21. Bc3 Bb5
22. Bf1 Nd3 23. Ba5 Qb8 24. Bxd8 Bxc4 25. Bxd3 Bxd3 26. Bg5 Qe5 27. Re1 c4 28.
bxc4 Rxc4 29. Rad1 Rxe4 30. Rxe4 Bxe4 31. Re1 f5 32. Qd1 Qc3 33. Qe2 h6 34. Bd2
Qa3 35. Bc1 Qa4 36. Bf4 Bd5 37. Rc1 Kh7 38. Be5 Qxa2 39. Qxa2 Bxa2 40. Rc6 a5
41. Ra6 Bd5 42. Rxa5 g5 43. Bd4 Kg6 44. Rb5 Bg7 45. Bxg7 Kxg7 46. f4 Kg6 47. Rb8
gxf4 48. gxf4 Bf3 49. Kf2 Bd1 50. Rb1 Bc2 51. Re1 Kf6 52. Kg3 Be4 53. Ra1 Bd3
54. Kf2 Bc2 55. Ke3 Bb3 56. Kd4 Bd5 57. Kc5 Bf3 58. Kd6 Be4 59. Re1 Bd5 60. h4
h5 61. Rg1 Bc4 62. Rg8 Kf7 63. Rh8 Kg6 64. Ke5 Bb3 65. Rb8 Bc4 66. Rb6 Kf7 67.
Rb7+ 1-0

[Event "London Classic FIDE Open"]
[Site "London ENG"]
[Date "2011.12.10"]
[Round "8"]
[White "Vlcek, Marek"]
[Black "Nelson, Omowale"]
[Result "0-1"]
[WhiteElo "1935"]
[BlackElo "2070"]
[WhiteFideId "327611"]
[BlackFideId "7400209"]
[EventDate "2011.12.03"]

1. b3 d5 2. e3 Nf6 3. Bb2 Bf5 4. f4 e6 5. Nf3 h6 6. Be2 Bd6 7. O-O O-O 8. c4 c6
9. Nc3 Nbd7 10. Qe1 Nc5 11. Ne5 Nfd7 12. d4 Bxe5 13. fxe5 Nd3 14. Qd2 Nxb2 15.
Qxb2 Qg5 16. Rf3 h5 17. Rg3 Qh6 18. h4 f6 19. cxd5 exd5 20. Rf1 fxe5 21. dxe5
Rae8 22. Rg5 Bg4 23. e4 Rxf1+ 24. Bxf1 Rxe5 25. exd5 Rxg5 26. hxg5 Qxg5 27. dxc6
Qc5+ 28. Kh2 Qxc6 29. Nd5 Qd6+ 30. Kh1 Be6 31. Ne3 Qf4 32. Qc3 Ne5 33. Qe1 h4
34. Nc4 Bxc4 35. bxc4 Kh7 36. c5 Kh6 37. Bb5 Kg5 38. Qd1 Kh6 39. Qd6+ g6 40. Be2
Qc1+ 41. Kh2 Qf4+ 42. Kh1 Qg3 43. Qf8+ Kg5 44. Qd8+ Kf5 45. Qd1 Qe3 46. Qc2+ Kf4
47. Qa4+ Kg3 48. Qc2 Ng4 49. Bb5 Qe1+ 0-1

[Event "London Classic FIDE Open"]
[Site "London ENG"]
[Date "2011.12.10"]
[Round "8"]
[White "Eriksen, Magnus"]
[Black "Millward, Kevin P"]
[Result "1-0"]
[WhiteElo "2063"]
[BlackElo "1971"]
[WhiteFideId "1509764"]
[BlackFideId "404721"]
[EventDate "2011.12.03"]

1. g3 g6 2. Bg2 Bg7 3. Nf3 d6 4. d4 c5 5. c3 Nc6 6. dxc5 dxc5 7. Qxd8+ Nxd8 8.
O-O Nf6 9. Nbd2 O-O 10. Nb3 b6 11. Rd1 Bb7 12. a4 Ne6 13. Ng5 Rad8 14. Be3 Bc8
15. Bh3 Nxg5 16. Bxc8 Rxc8 17. Bxg5 Rfd8 18. f3 h6 19. Be3 Nd5 20. Bf2 Nc7 21.
Nd2 Kf8 22. Nc4 Rxd1+ 23. Rxd1 Ke8 24. Kf1 Rd8 25. Rxd8+ Kxd8 26. e4 Kd7 27. Ke2
Kc6 28. Kd3 e5 29. Be3 f6 30. Bd2 a6 31. b3 Ne8 32. Ne3 Nc7 33. Ng2 Ne6 34. Nh4
g5 35. Nf5 Bf8 36. Ne3 h5 37. Nd5 Bg7 38. Be3 Nc7 39. Ne7+ Kd7 40. Nf5 Bf8 41.
Bf2 Ne6 42. Ne3 Nc7 43. h3 Ke6 44. c4 Kd7 45. g4 h4 46. Nd5 Nxd5 47. exd5 a5 48.
Ke4 Ke7 49. Be3 Kf7 50. Kd3 Bd6 51. Ke4 Kg6 52. Bf2 Be7 53. d6 Bxd6 54. Kd5 Be7
55. Kc6 f5 56. Kxb6 e4 57. gxf5+ Kxf5 58. fxe4+ Kxe4 59. Kxa5 Kf3 60. Kb5 g4 61.
a5 g3 62. Bg1 Kg2 63. Be3 Kf3 64. Bg1 Kg2 65. a6 Kxg1 66. a7 Kh2 67. a8=Q g2 68.
Qb8+ Kxh3 69. Qc8+ Kh2 70. Qc7+ Kh3 71. Qd7+ Kh2 72. Qxe7 h3 73. Qe5+ Kh1 74.
Qg3 h2 75. Qf3 Kg1 76. Qe3+ Kh1 77. Qe4 Kg1 78. Qe1# 1-0

[Event "London Classic FIDE Open"]
[Site "London ENG"]
[Date "2011.12.10"]
[Round "8"]
[White "Bishop, Geoffrey L"]
[Black "Mikalsen, Erlend"]
[Result "0-1"]
[WhiteElo "1791"]
[BlackElo "2063"]
[WhiteFideId "417491"]
[BlackFideId "1507338"]
[EventDate "2011.12.03"]

1. e4 e5 2. d4 exd4 3. Nf3 d6 4. Nxd4 Nf6 5. Nc3 g6 6. Be3 Bg7 7. f3 a6 8. Bc4
b5 9. Bb3 Nbd7 10. Qd2 Bb7 11. O-O-O h5 12. Kb1 Nc5 13. Bd5 b4 14. Bxb7 Nxb7 15.
Nc6 bxc3 16. Nxd8 cxd2 17. Nxb7 Rb8 18. Na5 Ng4 19. Bxd2 Rxb2+ 20. Kc1 Rxa2 21.
Be1 Ne3 22. Rd3 Rxc2+ 23. Kb1 Rb2+ 24. Kc1 Nxg2 25. Bc3 Bxc3 26. Rxc3 Rb8 27.
Rxc7 O-O 28. Nc6 Rb3 29. Ne7+ Kg7 30. Rg1 Nf4 31. Nf5+ Kf6 32. Nd4 Rd3 33. Rd1 0-1

[Event "London Classic FIDE Open"]
[Site "London ENG"]
[Date "2011.12.10"]
[Round "8"]
[White "Ruston, Mark R"]
[Black "Calder, Dennis"]
[Result "0-1"]
[WhiteElo "2061"]
[BlackElo "1953"]
[WhiteFideId "410020"]
[BlackFideId "4697359"]
[EventDate "2011.12.03"]

1. e4 e5 2. Nf3 Nc6 3. Bb5 a6 4. Ba4 Nf6 5. d3 d6 6. c3 Bd7 7. O-O g6 8. Ne1 Nh5
9. d4 Bg7 10. Be3 O-O 11. Na3 Qe8 12. dxe5 Nxe5 13. Bxd7 Nxd7 14. Qd5 b5 15. f3
Qe6 16. Qxe6 fxe6 17. Nac2 Ne5 18. Rd1 Nc4 19. Bc1 Nf4 20. Kf2 Nh5 21. Nd3 Nf6
22. Ke2 Nd7 23. Nd4 Rfe8 24. g4 d5 25. Nxe6 dxe4 26. Ndf4 exf3+ 27. Kf2 Nde5 28.
Nxc7 Nxg4+ 29. Kxf3 Nxh2+ 30. Kf2 Nxf1 31. Nxa8 Rxa8 32. Rxf1 Rf8 0-1

[Event "London Classic FIDE Open"]
[Site "London ENG"]
[Date "2011.12.10"]
[Round "8"]
[White "Warman, Simon M"]
[Black "Reppen, Ellisiv"]
[Result "1/2-1/2"]
[WhiteElo "2056"]
[BlackElo "1949"]
[WhiteFideId "408867"]
[BlackFideId "1504959"]
[EventDate "2011.12.03"]

1. e4 e5 2. Nf3 Nc6 3. Bb5 a6 4. Ba4 Nf6 5. O-O b5 6. Bb3 Be7 7. Nc3 d6 8. Nd5
Na5 9. d4 Nxb3 10. axb3 Nxd5 11. exd5 e4 12. Nd2 f5 13. Qh5+ g6 14. Qe2 O-O 15.
f3 exf3 16. Nxf3 Bf6 17. Bh6 Re8 18. Qd2 Bb7 19. c4 Qd7 20. Bg5 Bg7 21. Rae1
Rxe1 22. Rxe1 Re8 23. Bf4 bxc4 24. bxc4 Bf6 25. Rxe8+ Qxe8 26. Qb4 Bc8 27. Qb8
Bxd4+ 28. Kf1 Bb6 29. Bxd6 Bd7 30. Bxc7 Qxb8 31. Bxb8 Kf8 32. b4 Ke8 33. c5 Bb5+
34. Ke1 Bd8 35. Be5 Bc4 36. c6 Bb6 37. d6 Bd5 38. d7+ Ke7 39. Bd4 Bc7 40. Bc5+
Kd8 41. Nd4 Bxh2 42. Kd2 Bf4+ 43. Kc3 Be5 44. b5 axb5 45. Bb6+ Bc7 46. Bxc7+
Kxc7 47. Nxb5+ Kd8 48. Nd4 Bxc6 49. Nxc6+ Kxd7 50. Nd4 Kd6 51. Nf3 Ke7 52. Kd4
Kf6 53. Kd5 h5 54. Ne5 Kg5 55. Nd3 h4 56. Ke5 Kg4 57. Nf4 g5 58. Ne2 f4 59. Ke4
h3 60. gxh3+ Kxh3 61. Nxf4+ Kg3 62. Nh5+ Kh3 63. Kf5 g4 64. Kf4 Kh4 65. Ng3 Kh3
66. Nf5 g3 67. Nxg3 1/2-1/2

[Event "London Classic FIDE Open"]
[Site "London ENG"]
[Date "2011.12.10"]
[Round "8"]
[White "Kristinsson, Bjarni Jens"]
[Black "Fransson, Angelina"]
[Result "0-1"]
[WhiteElo "2045"]
[BlackElo "1940"]
[WhiteFideId "2302950"]
[BlackFideId "1712632"]
[EventDate "2011.12.03"]

1. e4 c5 2. c3 Nf6 3. e5 Nd5 4. d4 cxd4 5. Nf3 Nc6 6. cxd4 g6 7. Bc4 Nb6 8. Bb3
Bg7 9. Bf4 d5 10. exd6 e6 11. Nc3 O-O 12. O-O Nxd4 13. Nxd4 e5 14. Be3 exd4 15.
Bxd4 Qxd6 16. Bxg7 Qxd1 17. Raxd1 Kxg7 18. Rfe1 Bd7 19. Ne4 Bc6 20. Nd6 Rad8 21.
f3 Nc8 22. Nxc8 Rxd1 23. Rxd1 Rxc8 24. Kf2 g5 25. Re1 Rc7 26. Rd1 h5 27. g3 a5
28. Rd4 b5 29. h4 a4 30. Bd1 f6 31. f4 g4 32. a3 Be8 33. Ke3 Bg6 34. Kd2 Kf7 35.
Rd8 Rb7 36. f5 Bh7 37. Kc3 Re7 38. Kd4 Re1 39. Bc2 Re2 40. Kc3 Rg2 41. Rd7+ Kg8
42. Rd3 Rxc2+ 43. Kxc2 Bxf5 44. Kd2 Bxd3 45. Kxd3 Kf7 46. Ke3 Ke6 47. Ke4 f5+ 0-1

[Event "London Classic FIDE Open"]
[Site "London ENG"]
[Date "2011.12.10"]
[Round "8"]
[White "Barton, R Alan"]
[Black "Bala kannamma.P"]
[Result "1/2-1/2"]
[WhiteElo "2073"]
[BlackElo "1927"]
[WhiteFideId "404233"]
[BlackFideId "5081432"]
[EventDate "2011.12.03"]

1. d4 Nf6 2. Nf3 e6 3. c3 b6 4. Bg5 Bb7 5. Nbd2 Be7 6. e3 O-O 7. Bd3 d6 8. Qe2
Nbd7 9. O-O c5 10. Ba6 Bxa6 11. Qxa6 h6 12. Bh4 g5 13. Bg3 Nh5 14. e4 Nxg3 15.
hxg3 Re8 16. g4 Nf8 17. g3 Ng6 18. Rfe1 Kg7 19. Kg2 Rh8 20. Rh1 Qd7 21. Nf1 Rh7
22. Ne3 Rah8 23. Rh5 Bf8 24. a4 Ne7 25. Qb5 Qb7 26. dxc5 dxc5 27. Qc4 Ng8 28. e5
Ne7 29. Re1 Ng6 30. Nc2 Be7 31. Qe4 Qxe4 32. Rxe4 Rd8 33. Re1 Rhh8 34. Ne3 Rd7
35. Reh1 Bd8 36. Nc4 Bc7 37. Kf1 Rd1+ 38. Ke2 Rxh1 39. Rxh1 Rd8 40. Rd1 Rxd1 41.
Kxd1 Kf8 42. Ke2 Ke7 43. Kd3 Kd7 44. Ke4 Kc6 45. b4 a6 46. Na3 b5 47. axb5+ axb5
48. Nc2 Ne7 49. Ne3 Bd8 50. bxc5 Kxc5 51. Nd4 Nc6 52. Nb3+ Kb6 53. c4 b4 54. f4
Be7 55. Nc2 Bc5 56. Ne3 Na5 57. Nd2 Kc6 58. Nd1 Kb6 59. Kd3 Nc6 60. Ne4 Be7 61.
Nb2 Nb8 62. Na4+ Ka5 63. Nac5 Kb6 64. Na4+ Ka5 65. Nac5 Kb6 66. Na4+ 1/2-1/2

[Event "London Classic FIDE Open"]
[Site "London ENG"]
[Date "2011.12.10"]
[Round "8"]
[White "Marchant, Geoffrey"]
[Black "Wood, Peter R"]
[Result "1-0"]
[WhiteElo "1880"]
[BlackElo "2027"]
[WhiteFideId "470759"]
[BlackFideId "422215"]
[EventDate "2011.12.03"]

1. e4 e6 2. d4 d5 3. Nc3 Nf6 4. e5 Ng8 5. Nf3 b6 6. Bd3 Ba6 7. Ne2 Qd7 8. O-O c5
9. c3 Bxd3 10. Qxd3 Nc6 11. Re1 Be7 12. h3 h5 13. h4 Nh6 14. Ng3 g6 15. Bxh6
Rxh6 16. Qe3 Rh8 17. Qf4 Rf8 18. dxc5 bxc5 19. Rad1 Na5 20. Ne4 O-O-O 21. b4 Nc4
22. bxc5 Qc6 23. Nd6+ Kb8 24. Rb1+ Ka8 25. Qd4 Na3 26. Rb2 Rb8 27. Ree2 Nc4 28.
Rb3 Qa4 29. Nd2 1-0

[Event "London Classic FIDE Open"]
[Site "London ENG"]
[Date "2011.12.10"]
[Round "8"]
[White "Andreev, Peter"]
[Black "Heaton, Paul"]
[Result "1-0"]
[WhiteElo "1914"]
[BlackElo "2026"]
[WhiteFideId "406350"]
[BlackFideId "411116"]
[EventDate "2011.12.03"]

1. e4 c5 2. Nc3 d6 3. d3 Nc6 4. g3 g6 5. Bg2 Bg7 6. Be3 e5 7. Qd2 Rb8 8. h4 Nd4
9. h5 Be6 10. h6 Bf6 11. Nd1 Ne7 12. c3 Ndc6 13. Bh3 b6 14. Bxe6 fxe6 15. g4 O-O
16. g5 Bh8 17. f3 d5 18. Qe2 d4 19. Bd2 dxc3 20. bxc3 Qd6 21. Nh3 Rf7 22. O-O
Rd8 23. Nb2 Na5 24. Be3 Nec6 25. Rad1 Rdf8 26. Kg2 Qe7 27. Ng1 Rf4 28. Nh3 R4f7
29. Rd2 b5 30. Qd1 b4 31. Na4 bxc3 32. Bxc5 Qd8 33. Nxc3 Re8 34. Nb5 Rd7 35. Qa4
Rxd3 36. Rxd3 Qxd3 37. Nxa7 Qc3 38. Nxc6 Qxc5 39. Nxa5 Ra8 40. Qc6 Qxa5 41.
Qxe6+ Kf8 42. Qd6+ Kg8 43. Rf2 Rd8 44. Qe6+ Kf8 45. f4 1-0

[Event "London Classic FIDE Open"]
[Site "London ENG"]
[Date "2011.12.10"]
[Round "8"]
[White "Cannon, Raymond C"]
[Black "Wigbout, Rod"]
[Result "1-0"]
[WhiteElo "2024"]
[BlackElo "1827"]
[WhiteFideId "408018"]
[BlackFideId "419850"]
[EventDate "2011.12.03"]

1. e4 c5 2. Nf3 d6 3. Nc3 Nf6 4. e5 dxe5 5. Nxe5 Nbd7 6. Nc4 e6 7. Be2 Nb6 8. b3
Be7 9. O-O O-O 10. Bf3 Nbd5 11. Ne3 Nxc3 12. dxc3 Qc7 13. c4 Rd8 14. Qe2 Bd7 15.
Bb2 Bc6 16. Ng4 Bxf3 17. Qxf3 Nxg4 18. Qxg4 Bf8 19. Rae1 Rd2 20. Qe4 Rad8 21.
Bc3 R2d7 22. Re3 Rd1 23. Rh3 g6 24. Qh4 h5 25. Qf6 R1d4 26. Bxd4 Rxd4 27. Rd3
Bg7 28. Qf3 b6 29. Rfd1 Kf8 30. a4 Ke7 31. c3 Rxd3 32. Qxd3 Be5 33. h3 Qd6 34.
Qxd6+ Bxd6 35. Kf1 a5 36. Ke2 Kd7 37. g4 hxg4 38. hxg4 Ke7 39. Rd3 f5 40. gxf5
gxf5 41. Rh3 Be5 42. Rh7+ Kd6 43. Kd3 Kc6 44. Rh3 Bf4 45. Ke2 Kd6 46. Rd3+ Ke7
47. Kf3 Be5 48. Kg2 Bd6 49. Kh3 Be5 50. Kh4 Bf4 51. Kh5 Be5 52. Kg5 Bc7 53. Rh3
Kd6 54. Rh8 Ke5 55. Rc8 Bd6 56. Rc6 Be7+ 57. Kg6 Bh4 58. f4+ Kxf4 59. Rxe6 Kg4
60. Rxb6 Be1 61. Rb5 Bxc3 62. Rxc5 f4 63. Rg5+ Kh3 64. Rf5 Kg3 65. c5 Bd4 66. c6
Bb6 67. Rf7 f3 68. c7 Bxc7 69. Rxc7 f2 70. Rf7 1-0

[Event "London Classic FIDE Open"]
[Site "London ENG"]
[Date "2011.12.10"]
[Round "8"]
[White "Frank-Nielsen, Marie"]
[Black "Chidi, Lovinia Sylvia"]
[Result "1-0"]
[WhiteTitle "WFM"]
[WhiteElo "2015"]
[BlackElo "1815"]
[WhiteFideId "1409344"]
[BlackFideId "1270574"]
[EventDate "2011.12.03"]

1. e4 c5 2. c3 g6 3. d4 cxd4 4. cxd4 Bg7 5. Nf3 d6 6. Be2 e6 7. O-O Ne7 8. Be3
a6 9. Qd2 Nbc6 10. Rd1 d5 11. Bd3 dxe4 12. Bxe4 Nd5 13. Bg5 Qa5 14. Nc3 O-O 15.
Bh6 Nf6 16. Bc2 Qh5 17. Bxg7 Kxg7 18. Ne2 Qa5 19. Qf4 Ne7 20. Ne5 Nh5 21. Qh4
Nf5 22. Bxf5 exf5 23. d5 Nf6 24. Qd4 b5 25. Rac1 Qa4 26. b4 a5 27. a3 axb4 28.
axb4 Qa7 29. Qxa7 Rxa7 30. d6 Be6 31. Nd4 Bc4 32. Nxc4 bxc4 33. Rxc4 Rd8 34. h3
Ra2 35. Nc6 Rd7 36. Ne5 Rd8 37. Rc7 Ne4 38. Nxf7 1-0

[Event "London Classic FIDE Open"]
[Site "London ENG"]
[Date "2011.12.10"]
[Round "8"]
[White "Johansen, Stian"]
[Black "Staneland, Peter E"]
[Result "1-0"]
[WhiteElo "2012"]
[BlackElo "1812"]
[WhiteFideId "1508121"]
[BlackFideId "416576"]
[EventDate "2011.12.03"]

1. d4 Nf6 2. c4 e6 3. Nc3 d5 4. cxd5 exd5 5. Bg5 c6 6. Qc2 Be6 7. e3 Nbd7 8. Bd3
Be7 9. Nge2 Rc8 10. Nf4 O-O 11. f3 c5 12. Nxe6 fxe6 13. O-O cxd4 14. exd4 Qb6
15. Qf2 h6 16. Bf4 e5 17. Rae1 Bb4 18. dxe5 Bc5 19. Be3 Ng4 20. Nxd5 Bxe3 21.
Nxb6 Bxf2+ 22. Rxf2 Nxf2 23. Bc4+ Rxc4 24. Nxc4 Nd3 25. Re3 Nf4 26. e6 Nf6 27.
e7 Rc8 28. Nd6 Rc1+ 29. Kf2 Rc2+ 30. Kf1 Rxb2 31. e8=Q+ Nxe8 32. Rxe8+ Kh7 33.
g3 Nh3 34. Re2 Rb1+ 35. Re1 Rb2 36. Re2 Rb1+ 37. Kg2 Ng5 38. f4 Rb6 39. Nc8 Re6
40. Rb2 Ne4 41. Rxb7 Rc6 42. Nxa7 Ra6 43. Kf3 Nf6 44. Nb5 Rxa2 45. Nd4 Ra3+ 46.
Kg2 Ng4 47. Ne6 Ra2+ 48. Kh3 h5 49. Kh4 Kh6 50. h3 Ne3 51. g4 hxg4 52. hxg4 Rh2+
53. Kg3 Nf1+ 54. Kf3 Nd2+ 55. Ke3 Nf1+ 56. Kd3 Rh3+ 57. Kd4 Ng3 58. Rxg7 Ne2+
59. Ke4 Ra3 60. f5 Ng3+ 61. Kf4 Ne2+ 62. Ke5 Re3+ 63. Kf6 Ng3 64. Rg6+ Kh7 65.
Ng5+ Kh8 66. Nf7+ Kh7 67. Rg7# 1-0

[Event "London Classic FIDE Open"]
[Site "London ENG"]
[Date "2011.12.10"]
[Round "8"]
[White "Homolka, Vincent"]
[Black "Doran, Chris"]
[Result "0-1"]
[WhiteElo "1859"]
[BlackElo "2011"]
[WhiteFideId "423033"]
[BlackFideId "503835"]
[EventDate "2011.12.03"]

1. e4 c5 2. Nc3 Nc6 3. g3 g6 4. Bg2 Bg7 5. d3 d6 6. Be3 Nd4 7. f4 e6 8. Nf3 Ne7
9. O-O O-O 10. Qd2 Rb8 11. Nd1 f5 12. c3 Ndc6 13. Bf2 b5 14. Ne3 a5 15. Rfe1 Qc7
16. Rab1 Bd7 17. Nc2 b4 18. Ne3 Rb7 19. Nc4 Rfb8 20. Rbc1 bxc3 21. bxc3 h6 22.
e5 d5 23. Nd6 Rb2 24. Rc2 Rxc2 25. Qxc2 Qb6 26. Kf1 Nc8 27. Nxc8 Bxc8 28. Nd2
Qb2 29. Rc1 Ba6 30. Ke2 Bf8 31. Kd1 Qb5 32. Bf1 a4 33. Rb1 Qa5 34. Rxb8 Nxb8 35.
Be2 Nc6 36. Kc1 Bb5 37. Kb1 d4 38. c4 Nb4 39. Qc1 Bc6 40. a3 Na6 41. Bf3 Bxf3
42. Nxf3 Qb6+ 43. Qb2 Qc6 44. Qe2 Qb7+ 45. Ka1 Qb3 46. Ne1 Qxa3+ 47. Qa2 Qc1+
48. Qb1 Qc3+ 49. Qb2 Qa5 50. Nf3 Nb4 51. Be1 a3 52. Qb3 Qa8 53. Qd1 Qb7 54. Bxb4
Qxb4 55. Qb1 Qc3+ 56. Ka2 Be7 57. Qb3 Qc1 58. Qxa3 Qc2+ 59. Qb2 Qxd3 60. Qb3
Qe2+ 61. Ka3 Kf7 62. Ng1 Qf1 63. Nf3 Qe2 64. Ka4 d3 65. Ng1 Qf1 0-1

[Event "London Classic FIDE Open"]
[Site "London ENG"]
[Date "2011.12.10"]
[Round "8"]
[White "Obiamiwe, Paul"]
[Black "Amier, Hamzah B. Mohd Zuhri"]
[Result "1/2-1/2"]
[BlackTitle "CM"]
[WhiteElo "2001"]
[BlackElo "1745"]
[WhiteFideId "8500215"]
[BlackFideId "5704588"]
[EventDate "2011.12.03"]

1. Nf3 d5 2. d4 c6 3. c4 Nf6 4. g3 e6 5. Bg2 Nbd7 6. O-O Bd6 7. Qc2 O-O 8. b3 b6
9. Nbd2 Bb7 10. e4 dxe4 11. Nxe4 Nxe4 12. Qxe4 Qc7 13. Ng5 Nf6 14. Qh4 c5 15. d5
exd5 16. cxd5 Be5 17. Rb1 h6 18. Nf3 Nxd5 19. Nxe5 Qxe5 20. Bb2 Qc7 21. Rfe1
Rae8 22. Qg4 f5 23. Qg6 Qf7 24. Qd6 Rd8 25. Qe6 Rfe8 26. Qxf7+ Kxf7 27. Rbd1
Rxe1+ 28. Rxe1 Rb8 29. Be5 Re8 30. f4 Re7 31. Bxd5+ Bxd5 32. Rd1 Ke6 33. Rd2 g6
34. Kf2 Rd7 35. Ke3 Be4 36. Rxd7 Kxd7 37. Kd2 Kc6 38. Kc3 Kd5 39. a3 b5 40. b4
c4 1/2-1/2

[Event "London Classic FIDE Open"]
[Site "London ENG"]
[Date "2011.12.10"]
[Round "8"]
[White "Lenier, Jude A"]
[Black "Wright, Jonathan ENG"]
[Result "1-0"]
[WhiteElo "2030"]
[BlackElo "1846"]
[WhiteFideId "470678"]
[BlackFideId "418331"]
[EventDate "2011.12.03"]

1. e4 d5 2. exd5 Nf6 3. Bb5+ Bd7 4. Be2 Nxd5 5. d4 g6 6. c4 Nf6 7. Nc3 Bg7 8. a3
a5 9. Bf4 O-O 10. Nf3 c6 11. O-O Nh5 12. Be3 Qc7 13. Qd2 f5 14. d5 f4 15. Bd4 c5
16. Bxg7 Nxg7 17. Rfe1 Ra6 18. Rad1 h6 19. Nb5 Bxb5 20. cxb5 Raf6 21. Bc4 Kh7
22. Re4 g5 23. Rde1 Nf5 24. Qd3 Kg7 25. h3 Rd6 26. Re5 Qd7 27. g4 fxg3 28. fxg3 1-0

[Event "London Classic FIDE Open"]
[Site "London ENG"]
[Date "2011.12.10"]
[Round "8"]
[White "Veznik, Michael"]
[Black "Bryant, Jon"]
[Result "1-0"]
[WhiteElo "1821"]
[BlackElo "2012"]
[WhiteFideId "360287"]
[BlackFideId "416703"]
[EventDate "2011.12.03"]

1. f4 d5 2. Nf3 Nf6 3. d3 c5 4. c3 g6 5. Qc2 Nc6 6. e4 Bg7 7. e5 Nd7 8. d4 cxd4
9. cxd4 Qb6 10. Qf2 Nf8 11. Nc3 Be6 12. Bb5 Nd7 13. O-O O-O 14. Be3 Rac8 15. Ng5
h6 16. Nxe6 fxe6 17. Bd3 g5 18. Qg3 gxf4 19. Qg6 Nf6 20. exf6 Rxf6 21. Qh7+ Kf7
22. Rxf4 Rxf4 23. Qg6+ Kg8 24. Qxe6+ Rf7 25. Qxc8+ Nd8 26. Nxd5 Qd6 27. Bc4 e6
28. Nc3 Rd7 29. Nb5 Qe7 30. Re1 a6 31. Na3 b5 32. Bb3 Qd6 33. Bf2 Kf7 34. Qc2
Nc6 35. Bxe6+ 1-0

[Event "London Classic FIDE Open"]
[Site "London ENG"]
[Date "2011.12.10"]
[Round "8"]
[White "Amato, Giampiero"]
[Black "Gisbert Mir, Alejandro"]
[Result "1-0"]
[WhiteElo "1973"]
[BlackElo "1793"]
[WhiteFideId "813303"]
[BlackFideId "22253653"]
[EventDate "2011.12.03"]

1. e4 c5 2. Nf3 d6 3. d4 cxd4 4. Nxd4 Nf6 5. Nc3 a6 6. Be3 e6 7. Be2 Be7 8. O-O
O-O 9. f4 Qc7 10. a4 Nc6 11. g4 Nd7 12. g5 Nxd4 13. Bxd4 e5 14. Nd5 Qd8 15. Be3
exf4 16. Bxf4 Ne5 17. Nxe7+ Qxe7 18. Qd2 Be6 19. Rad1 Rfd8 20. Qb4 Rac8 21. Bxe5
Qxg5+ 22. Bg3 Qe3+ 23. Rf2 Rxc2 24. Bd3 Rxf2 25. Bxf2 Qf3 26. Qd2 d5 27. Qe2 Qh3
28. exd5 Rxd5 29. Be4 Rg5+ 30. Bg3 g6 31. Bg2 Qf5 32. Qf2 Qa5 33. Qf6 Qb6+ 34.
Kh1 Rd5 1-0

[Event "London Classic FIDE Open"]
[Site "London ENG"]
[Date "2011.12.10"]
[Round "8"]
[White "Turner, David J"]
[Black "Vachtfeidl, Petr"]
[Result "1/2-1/2"]
[WhiteElo "1775"]
[BlackElo "1969"]
[WhiteFideId "419737"]
[BlackFideId "315028"]
[EventDate "2011.12.03"]

1. e4 c5 2. Nf3 e6 3. d3 Nc6 4. g3 d5 5. Nbd2 Nf6 6. Bg2 Be7 7. O-O O-O 8. Re1
Qc7 9. Nf1 b6 10. e5 Nd7 11. Bf4 Ba6 12. c3 Rac8 13. h4 b5 14. Ne3 b4 15. c4
dxc4 16. dxc4 Nb6 17. Qb1 Nd4 18. b3 Rcd8 19. Ng5 Bxg5 20. hxg5 Bb7 21. Be4 Nf3+
22. Bxf3 Bxf3 23. Ng2 Rd7 24. Nh4 Bb7 25. Qc2 Rfd8 26. Rad1 Qc6 27. f3 Nc8 28.
Kf2 a5 29. Rxd7 Qxd7 30. Be3 Qc7 31. Rd1 Rxd1 32. Qxd1 g6 33. Bf4 Kf8 34. Ng2
Ne7 35. Ne3 Nf5 36. Nxf5 gxf5 37. Qd6+ Qxd6 38. exd6 Ke8 39. Be3 Kd7 40. Bf4 Bc6
41. Be5 a4 42. Ke3 a3 43. Kf4 Bb7 1/2-1/2

[Event "London Classic FIDE Open"]
[Site "London ENG"]
[Date "2011.12.10"]
[Round "8"]
[White "Johnsen, Oystein"]
[Black "Keuneke, Hanno"]
[Result "0-1"]
[WhiteElo "1949"]
[BlackElo "1782"]
[WhiteFideId "1515861"]
[BlackFideId "4609271"]
[EventDate "2011.12.03"]

1. d4 Nf6 2. Nc3 g6 3. e4 d6 4. Bg5 Bg7 5. Qd2 O-O 6. O-O-O a6 7. f4 Bg4 8. Nf3
b5 9. e5 b4 10. exf6 bxc3 11. Qxc3 exf6 12. Bh4 Nd7 13. h3 Bxf3 14. Qxf3 Re8 15.
g4 Qb8 16. Bg3 Qb6 17. f5 Rab8 18. b3 Bh6+ 19. Bf4 g5 20. Bg3 Bf8 21. Bc4 c6 22.
h4 Rb7 23. hxg5 d5 24. Be2 fxg5 25. f6 Re6 26. Qf5 h6 27. Be5 Nxe5 28. dxe5 Qe3+
29. Rd2 Qxe5 30. Bd3 Qa1# 0-1

[Event "London Classic FIDE Open"]
[Site "London ENG"]
[Date "2011.12.10"]
[Round "8"]
[White "York-Andersen, Anna"]
[Black "Plug, Arjan"]
[Result "1/2-1/2"]
[WhiteElo "1755"]
[BlackElo "1945"]
[WhiteFideId "416789"]
[BlackFideId "1011600"]
[EventDate "2011.12.03"]

1. e4 e6 2. d4 d5 3. Nd2 h6 4. c3 Nf6 5. e5 Nfd7 6. Bd3 c5 7. Ne2 Nc6 8. Nf3 Be7
9. O-O g5 10. h3 Nf8 11. Be3 1/2-1/2

[Event "London Classic FIDE Open"]
[Site "London ENG"]
[Date "2011.12.10"]
[Round "8"]
[White "Tart, Peter K"]
[Black "Kouchak, Jason"]
[Result "1-0"]
[WhiteElo "1944"]
[BlackElo "1776"]
[WhiteFideId "471070"]
[BlackFideId "26011379"]
[EventDate "2011.12.03"]

1. e4 d5 2. d4 dxe4 3. Nc3 Nf6 4. f3 Bf5 5. g4 Bg6 6. g5 Nd5 7. Nxe4 e6 8. h4
Nd7 9. c4 N5b6 10. Bd3 Bb4+ 11. Bd2 Qe7 12. Ne2 h6 13. Bxb4 Qxb4+ 14. Qd2 Qe7
15. O-O-O O-O-O 16. c5 Nd5 17. Qa5 a6 18. Bxa6 bxa6 19. Qxa6+ Kb8 20. Rd3 Bxe4
21. c6 Qb4 22. Rb3 1-0